000 00516 a2200205 4500
001 132605
020 _a85-08-04128-4
040 _cLeonardo Da Vinci
041 _aPortuguês
082 _aIJ F897c
_bF897c
100 _aFRANCO, Silvia Cintra
245 _aConfusões e calafrios
250 _a3.ed
260 _bÁtica
_c1996
_aSão Paulo
300 _a104
362 _a19960000
490 _aVaga-lume
697 _aLiteratura infanto-juvenil
_aAventura
_aAdolescentes
_aMistério
_aSuspense
942 _cBK
999 _c132605
_d132605